Nghiên cứu đất phân

Zapisane w:
Opis bibliograficzny
Format: Książka
Język:Undetermined
Wydane: Hà Nội KHKT 1968
Hasła przedmiotowe:
Etykiety: Dodaj etykietę
Nie ma etykietki, Dołącz pierwszą etykiete!
Thư viện lưu trữ: Trung tâm Học liệu Trường Đại học Cần Thơ
LEADER 00387nam a2200145Ia 4500
001 CTU_12422
008 210402s9999 xx 000 0 und d
082 |a 631.4 
082 |b Ngh305/T.1 
245 0 |a Nghiên cứu đất phân 
260 |a Hà Nội 
260 |b KHKT 
260 |c 1968 
650 |a Fertilizers,Soils 
980 |a Trung tâm Học liệu Trường Đại học Cần Thơ